| 000 | 00395nam a22001457a 4500 | ||
|---|---|---|---|
| 999 |
_c193668 _d193668 |
||
| 008 | 221107b ||||| |||| 00| 0 eng d | ||
| 082 | _a796-CHA | ||
| 100 | _aSURYAPRAKASH,CHOTURVEDI | ||
| 245 |
_aINDIA AND WORLD CRICKET _hENGLISH |
||
| 260 |
_aNEW DELHI _bA.I.C.B _cROHINI |
||
| 270 | _aA.I.C.B ,ROHINI NEW DELHI | ||
| 300 |
_a. _b. _c12X13 |
||
| 490 | _v1-6 | ||
| 942 |
_2ddc _cBRLEN _k796 _mCHA |
||